Les différents types de Gladiateurs - Statistiques

Statistiques générales
  • Ce quiz a été pris 17 fois
  • Le résultat moyen est 5 sur 15
Statistiques - réponses
Par images Réponse % Correct
Mirmillon
92%
Thrace
92%
Rétiaire
85%
Secutor
69%
Gaulois
46%
Hoplomaque
31%
Scissor
23%
Dimachère
15%
Provocator
15%
Samnite
15%
Equites
8%
Sagittarii
8%
Vélite
8%
Essédaire
0%
Paegniarius
0%
Aucun quiz correspondant
Distribution des résultats
% des personnes avec chaque résultat
Percentile par nombre de réponses
Votre historique - résultats
Vous n’avez pas pris ce quiz